| 000 | nam a22 a 4500 | ||
|---|---|---|---|
| 999 |
_c822 _d822 |
||
| 003 | OSt | ||
| 005 | 20170505135519.0 | ||
| 008 | 170505s20011996my 00 may d | ||
| 020 |
_a9839188402 (kkt.) : _cRM 6.00 |
||
| 039 | 9 |
_a200609211137 _bhidayah _c200608081510 _dzuraidahs _c200606130840 _dellvinah |
|
| 040 |
_aAKMAL _cAKMAL |
||
| 049 | _amal | ||
| 082 | 0 | 4 |
_a297.1226 MAH _222 |
| 090 | 0 | 0 |
_a297.1226 _bMAH |
| 090 | 2 | 0 |
_a297.1226 _bMAH |
| 100 | 0 |
_aMahadi Dahlan, _d1964- _91787 |
|
| 245 | 1 | 0 |
_aKaedah resam Uthmani dalam Al-Quran / _cMahadi Dahlan Al-Hafiz, Haji Azahari Hj. Othman Al-Hafiz |
| 260 |
_aKuala Lumpur : _bAl-Hidayah, _c2001 |
||
| 300 |
_a101ms. ; _c21cm. |
||
| 500 | _aMengandungi ayat-ayat dari Quran | ||
| 504 | _aBibliografi: ms. 101 | ||
| 650 |
_aQur'an _xCriticism, interpretation, etc. _91730 |
||
| 700 | 0 |
_aAzahari Hj. Othman, _cHaji _91788 |
|
| 942 |
_2ddc _cBOOK |
||